000 00743nam a2200253Ia 4500
003 OSt
005 20221005093635.0
006 a|||||r|||| 00| 0
007 ta
008 221004b |||||||| |||| 00| 0 ara d
020 _a9789957790295 (pbk)
_c2350
024 _a21471
037 _b962, 12/03/2015, Nadwi Publications
_cTextual
040 _aCRL
_cCRL
_bara
041 _2ara
_aara
082 _aP28:3, Q1
100 _aNahar Hadi Au.
_9618656
245 0 _aAl-sarful wafi
260 _aOman
_bDuroob lil Nashr
_c2011
300 _a362p.
_ccm.
650 _aARABIC LANGUAGE - GRAMMAR
_939799
942 _hP28:3, Q1
_cTEXL
_2cc
999 _c1000777
_d1000777